|
|
|
|
| LEADER |
00000cam a22000004a 4500 |
| 001 |
musev2_63166 |
| 003 |
MdBmJHUP |
| 005 |
20230905050512.0 |
| 006 |
m o d |
| 007 |
cr||||||||nn|n |
| 008 |
181206s2018 pau o 00 0 eng d |
| 010 |
|
|
|z 2018031497
|
| 020 |
|
|
|a 9780271083179
|
| 035 |
|
|
|a (OCoLC)1078149489
|
| 040 |
|
|
|a MdBmJHUP
|c MdBmJHUP
|
| 100 |
1 |
|
|a Packer, Joseph,
|d 1983-
|e author.
|
| 245 |
1 |
2 |
|a A Feeling of Wrongness :
|b Pessimistic Rhetoric on the Fringes of Popular Culture /
|c Joseph Packer and Ethan Stoneman.
|
| 264 |
|
1 |
|a University Park, Pennsylvania :
|b The Pennsylvania State University Press,
|c [2018]
|
| 264 |
|
3 |
|a Baltimore, Md. :
|b Project MUSE,
|c 2019
|
| 264 |
|
4 |
|c ©[2018]
|
| 300 |
|
|
|a 1 online resource (232 pages):
|b illustrations
|
| 336 |
|
|
|a text
|b txt
|2 rdacontent
|
| 337 |
|
|
|a computer
|b c
|2 rdamedia
|
| 338 |
|
|
|a online resource
|b cr
|2 rdacarrier
|
| 505 |
0 |
|
|a "Few defenders" : an introduction -- "no, everything is not all right" : supernatural horror as pessimistic argument -- "I'm bad at parties" : the philosophical pessimism of True detective -- "Wubba lubba dub-dub!" : the tragicomic pessimism of Rick and Morty -- "Finish her" : the interactive pessimism of Final fantasy VII -- "All hope abandon" : transhumanism's hidden hellscape -- Conclusion : pessimism never won any battles?
|
| 520 |
|
|
|a "Examines case studies of popular culture as pessimistic rhetorical artifacts, and how non-traditional modes of argumentation can work rhetorically to overcome biases against pessimistic messaging"--Provided by publisher
|
| 588 |
|
|
|a Description based on print version record.
|
| 650 |
|
7 |
|a Rhetoric.
|2 fast
|0 (OCoLC)fst01096948
|
| 650 |
|
7 |
|a Popular culture.
|2 fast
|0 (OCoLC)fst01071344
|
| 650 |
|
7 |
|a Pessimism.
|2 fast
|0 (OCoLC)fst01058963
|
| 650 |
|
7 |
|a LANGUAGE ARTS & DISCIPLINES
|x Rhetoric.
|2 bisacsh
|
| 650 |
|
7 |
|a BIOGRAPHY & AUTOBIOGRAPHY
|x Literary.
|2 bisacsh
|
| 650 |
|
7 |
|a popular culture.
|2 aat
|
| 650 |
|
6 |
|a Rhetorique.
|
| 650 |
|
6 |
|a Culture populaire.
|
| 650 |
|
6 |
|a Pessimisme
|v Études de cas.
|
| 650 |
|
2 |
|a Popular Culture
|
| 650 |
|
0 |
|a Rhetoric.
|
| 650 |
|
0 |
|a Popular culture.
|
| 650 |
|
0 |
|a Pessimism
|v Case studies.
|
| 655 |
|
7 |
|a Études de cas.
|2 rvmgf
|
| 655 |
|
7 |
|a Case studies.
|2 lcgft
|
| 655 |
|
7 |
|a Case studies.
|2 fast
|0 (OCoLC)fst01423765
|
| 655 |
|
7 |
|a Electronic books.
|2 local
|
| 700 |
1 |
|
|a Stoneman, Ethan,
|e author.
|
| 710 |
2 |
|
|a Pennsylvania State University Press,
|e publisher.
|
| 710 |
2 |
|
|a Project Muse.
|e distributor
|
| 830 |
|
0 |
|a Book collections on Project MUSE.
|
| 856 |
4 |
0 |
|z Texto completo
|u https://projectmuse.uam.elogim.com/book/63166/
|
| 945 |
|
|
|a Project MUSE - Custom Collection
|
| 945 |
|
|
|a Project MUSE - 2019 Complete
|
| 945 |
|
|
|a Project MUSE - 2019 Global Cultural Studies
|